Movies by Last Name II Quiz Stats

 Plays Quiz Updated Jun 28, 2018

Score 0/25 Timer 05:00
0 Plays Today
% Correct
Star Wars: Episode V - The Empire Strikes Back
95.8%
GoldenEye
94.5%
The Hobbit: An Unexpected Journey
93.2%
Spider-Man
91.6%
Iron Man
88.4%
The Hunger Games
88.4%
The Terminator
83.4%
Home Alone
83.4%
Halloween
82.9%
Fight Club
77.2%
Ghostbusters
76.9%
Beverly Hills Cop
74.7%
American Psycho
74%
% Correct
My Fair Lady
71.8%
Dirty Harry
70.9%
Guardians of the Galaxy
70.7%
Mission: Impossible
70%
Scarface
69.5%
The Shining
69.3%
The Princess Bride
69%
The Usual Suspects
68.9%
It's a Wonderful Life
67.8%
Taxi Driver
61.9%
Pulp Fiction
61.1%
American Beauty
55.7%

You're not logged in!

Compare scores with friends on all Sporcle quizzes.
OR
Log In

Sporcle TV

Today on Sporcle TV


Watch our educational content, quiz creation guides, and fun videos on Sporcle TV.

Show Comments

Extras

Top Quizzes Today


Score Distribution

Your Account Isn't Verified!

In order to create a playlist on Sporcle, you need to verify the email address you used during registration. Go to your Sporcle Settings to finish the process.

Report this User

Report this user for behavior that violates our Community Guidelines.

Details: